LEADER 01088nam--2200337---450- 001 990001881850203316 005 20040728111400.0 035 $a000188185 035 $aUSA01000188185 035 $a(ALEPH)000188185USA01 035 $a000188185 100 $a20040728d1947----km-y0itay0103----ba 101 $aita 102 $aIT 105 $a||||||||001yy 200 1 $aRitmo e stile in Tacito$ememoria letta all'Accademia di Archeologia, Lettere e Belle Arti di Napoli nella tornata del 5 febbraio 1947$fArmando Salvatore 210 $aNapoli$cTip. degli Artigianelli$d1947 215 $a33 p.$d21 cm 300 $aEstratto da: Rendiconti dell'Accademia di Archeologia, Lettere e Belle Arti di Napoli, Vol. 23. 410 0$12001 454 1$12001 461 1$1001-------$12001 700 1$aSALVATORE,$bArmando$0158131 801 0$aIT$bsalbc$gISBD 912 $a990001881850203316 951 $aVI Misc 64/27$b66160 L.M.$cVI Misc 959 $aBK 969 $aUMA 979 $aSIAV5$b10$c20040728$lUSA01$h1114 996 $aRitmo e stile in Tacito$9771333 997 $aUNISA LEADER 02003oam 2200589I 450 001 9910711840403321 005 20190208142533.0 035 $a(CKB)5470000002487679 035 $a(OCoLC)1046653899 035 $a(EXLCZ)995470000002487679 100 $a20180730d1956 ua 0 101 0 $aeng 135 $aur||||||||||| 181 $ctxt$2rdacontent 182 $cc$2rdamedia 183 $acr$2rdacarrier 200 10$aSurface water supply of the United States, 1954$hPart 2-A$iSouth Atlantic slope basins, James River to Savannah River /$fprepared under the direction of J.V.B. Wells 210 1$a[Washington, D.C.] :$cUnited States Department of the Interior, Geological Survey,$d1956. 215 $a1 online resource (viii, 314 pages) $cillustrations, map 225 1 $aGeological Survey water-supply paper ;$v1333 300 $a"Prepared in cooperation with the states of Georgia, North Carolina, South Carolina, and Virginia, and with other agencies." 300 $aIncludes index. 606 $aWater quality$zSouthern States 606 $aWater$xComposition$zSouthern States 606 $aWater-supply$zSouthern States 606 $aWater$xComposition$2fast 606 $aWater quality$2fast 606 $aWater-supply$2fast 607 $aJames River (Va.) 607 $aSavannah River (Ga. and S.C.) 607 $aSouthern States$2fast 615 0$aWater quality 615 0$aWater$xComposition 615 0$aWater-supply 615 7$aWater$xComposition. 615 7$aWater quality. 615 7$aWater-supply. 700 $aWells$b J. V. B.$01385991 712 02$aGeological Survey (U.S.), 712 02$aGeorgia. 712 02$aNorth Carolina. 712 02$aSouth Carolina. 712 02$aVirginia. 801 0$bCOP 801 1$bCOP 801 2$bOCLCO 801 2$bOCLCF 801 2$bGPO 906 $aBOOK 912 $a9910711840403321 996 $aSurface water supply of the United States 1954$93450121 997 $aUNINA LEADER 03482oas 2201153 a 450 001 9910134125103321 005 20251106213014.0 011 $a1545-6986 035 $a(DE-599)ZDB2050480-9 035 $a(DE-599)2050480-9 035 $a(OCoLC)48537247 035 $a(CONSER) 2001227406 035 $a(CKB)954925411832 035 $a(EXLCZ)99954925411832 100 $a20011205a19619999 uy a 101 0 $aeng 135 $auran||||||||| 181 $ctxt$2rdacontent 182 $cc$2rdamedia 183 $acr$2rdacarrier 200 14$aThe journal of British studies 210 $aHartford, Conn. $cConference on British Studies at Trinity College$d1961- 210 3 $a[Cambridge, UK] ;$a[New York, NY] $cCambridge University Press 300 $aRefereed/Peer-reviewed 300 $aPublished: Chicago, Ill., fall 1979- 300 $aPublisher varies: Conference on British Studies at Trinity College, 1961-spring 1979; Conference on British Studies at the University of Illinois at Chicago Circle, fall 1979-1981; North American Conference on British Studies at the University of Illinois at Chicago Circle, 1982-1984; University of Chicago Press, 1985- 311 08$a0021-9371 330 8 $aPresents the electronic edition of the "Journal of British Studies" (ISSN 0021-9371), a quarterly journal published by the Journals Division of the University of Chicago Press and sponsored by the North American Conference on British Studies (NACBS). 517 1 $aJBS 606 $aCAS HI 243 606 $aCAS IR 392 606 $aPe?riodiques du Commonwealth$3(CaQQLa)201-0067216 606 $aHistòria$2thub 607 $aGreat Britain$xHistory$vPeriodicals 607 $aGrande-Bretagne$xHistoire$vPe?riodiques 607 $aWielka Brytania$2dbn 607 $aGreat Britain$2fast$1https://id.oclc.org/worldcat/entity/E39PBJdmp7p3cx8hpmJ8HvmTpP 607 $a4.240$2gtt 607 $aGran Bretanya$2thub 608 $aperiodicals.$2aat 608 $aCzasopismo historyczne.$2dbn 608 $aHistory.$2fast 608 $aPeriodicals.$2fast 608 $aPeriodicals.$2lcgft 608 $aPe?riodiques.$2rvmgf 608 $aRevistes electròniques.$2thub 610 0 $aRegional focus/area studies 615 4$aCAS HI 243. 615 4$aCAS IR 392. 615 6$aPe?riodiques du Commonwealth. 615 7$aHistòria. 676 $a941 712 02$aConference on British Studies, 712 02$aNorth American Conference on British Studies, 801 0$bEYM 801 1$bEYM 801 2$bNSD 801 2$bOCLCQ 801 2$bAUM 801 2$bOCLCQ 801 2$bEYM 801 2$bHUL 801 2$bOCLCQ 801 2$bOCLCF 801 2$bOCLCQ 801 2$bDEBBG 801 2$bBOS 801 2$bNLE 801 2$bGILDS 801 2$bOCLCO 801 2$bUKMGB 801 2$bVT2 801 2$bNJT 801 2$bDLC 801 2$bSFB 801 2$bDLC 801 2$bOCLCQ 801 2$bREDDC 801 2$bOCLCL 801 2$bUBY 801 2$bSXB 801 2$bFIE 801 2$bMUX 801 2$bCCO 801 2$bCSU 801 2$bOCLCE 801 2$bMOR 801 2$bAU@ 801 2$bPUG 801 2$bSRU 801 2$bVLY 801 2$bQGK 801 2$bUEJ 801 2$bOCLCL 801 2$bOCLCQ 906 $aJOURNAL 912 $a9910134125103321 996 $aJournal of British Studies$91324196 997 $aUNINA